<?xml version="1.0" encoding="UTF-8"?>
<record
    xmlns:xsi="http://www.w3.org/2001/XMLSchema-instance"
    xsi:schemaLocation="http://www.loc.gov/MARC21/slim http://www.loc.gov/standards/marcxml/schema/MARC21slim.xsd"
    xmlns="http://www.loc.gov/MARC21/slim">

  <leader>00652nam a22001937a 4500</leader>
  <datafield tag="999" ind1=" " ind2=" ">
    <subfield code="c">188864</subfield>
    <subfield code="d">188864</subfield>
  </datafield>
  <controlfield tag="005">20220606170243.0</controlfield>
  <datafield tag="010" ind1=" " ind2=" ">
    <subfield code="a">ENG-133042</subfield>
  </datafield>
  <datafield tag="020" ind1=" " ind2=" ">
    <subfield code="a">9789381274255</subfield>
    <subfield code="c">1195.00</subfield>
  </datafield>
  <datafield tag="035" ind1=" " ind2=" ">
    <subfield code="a">EN-116574</subfield>
  </datafield>
  <datafield tag="037" ind1=" " ind2=" ">
    <subfield code="b">DBAD/PUB</subfield>
  </datafield>
  <datafield tag="082" ind1=" " ind2=" ">
    <subfield code="a">307.1412</subfield>
  </datafield>
  <datafield tag="100" ind1=" " ind2=" ">
    <subfield code="a">Chattopadhyay, Pranab Kumar</subfield>
  </datafield>
  <datafield tag="245" ind1=" " ind2=" ">
    <subfield code="a">Challenges of Livelihood and Inclusive Rural Development in the Era of Globalization/</subfield>
    <subfield code="c">Pranab Kumar Chattopadhyay</subfield>
  </datafield>
  <datafield tag="260" ind1=" " ind2=" ">
    <subfield code="a">New Delhi</subfield>
    <subfield code="b">New Delhi Publishers</subfield>
    <subfield code="c">2013</subfield>
  </datafield>
  <datafield tag="270" ind1=" " ind2=" ">
    <subfield code="a">90, Sainik Vihar, Mohan Garden</subfield>
    <subfield code="b">New Delhi</subfield>
    <subfield code="e">110059</subfield>
  </datafield>
  <datafield tag="300" ind1=" " ind2=" ">
    <subfield code="a">464p.</subfield>
    <subfield code="c">22cm(hbk)</subfield>
  </datafield>
  <datafield tag="700" ind1=" " ind2=" ">
    <subfield code="a">Sudipta Bhattacharya</subfield>
  </datafield>
  <datafield tag="942" ind1=" " ind2=" ">
    <subfield code="2">ddc</subfield>
    <subfield code="c">EN</subfield>
    <subfield code="m">CHA</subfield>
    <subfield code="h">307.1412</subfield>
  </datafield>
  <datafield tag="952" ind1=" " ind2=" ">
    <subfield code="0">0</subfield>
    <subfield code="1">0</subfield>
    <subfield code="4">0</subfield>
    <subfield code="7">0</subfield>
    <subfield code="8">NFIC</subfield>
    <subfield code="a">BN</subfield>
    <subfield code="b">BN</subfield>
    <subfield code="d">2022-06-06</subfield>
    <subfield code="e">DBAD/PUB</subfield>
    <subfield code="g">1195.00</subfield>
    <subfield code="l">0</subfield>
    <subfield code="o">307.1412 CHA</subfield>
    <subfield code="p">EN-116574</subfield>
    <subfield code="r">2022-06-06 00:00:00</subfield>
    <subfield code="t">1</subfield>
    <subfield code="v">1195.00</subfield>
    <subfield code="y">EN</subfield>
  </datafield>
</record>
